| 000 | 00452nam a2200133Ia 4500 | ||
|---|---|---|---|
| 008 | 260210s9999 xx 000 0 und d | ||
| 024 | _a11B-019-BS, 11B-016-BS & 11B-020-BS | ||
| 082 | _a005.13072 SYE | ||
| 100 | _aSyed Daniyal Ali, Taha Siddiqui & Syed Abdullah Jafri | ||
| 245 | 0 | _aDisaster Loss Estimation Tool (DESTIMETER) | |
| 260 |
_aKarachi: _bUITU, _c2011 |
||
| 600 | _aComputer Science | ||
| 650 | _aBachelor of Computer Science (BS) | ||
| 999 |
_c32371 _d32371 |
||